000
00198 a2200097 4500
020
_a
9780811230070
041
_a
eng
100
_a
DeWitt, Helen
245
_a
The English Understand Wool
942
_c
BK
999
_c
31718
_d
31716